Fundamentos y reflexiones en torno a su enseñanza

Αποθηκεύτηκε σε:
Λεπτομέρειες βιβλιογραφικής εγγραφής
Κύριοι συγγραφείς: Sarlé, Patricia (Συγγραφέας), Rodríguez Saenz, Inés (Συγγραφέας), Rodríguez, Elvira (Συγγραφέας)
Μορφή: Βιβλίο
Γλώσσα:Ισπανικά
Έκδοση: Buenos Aires Unicef 2010
Buenos Aires Organización de Estados Iberoamericanos para la Educación 2010
Έκδοση:1a. ed
Σειρά:El Juego en el Nivel Inicial. Propuestas de Enseñanza, 1
Θέματα:
Ετικέτες: Προσθήκη ετικέτας
Δεν υπάρχουν, Καταχωρήστε ετικέτα πρώτοι!

MARC

LEADER 00000cam a2200000 a 4500
001 UCD6172
003 CL-VaPUC
008 161118e20100000ag |||||||||||||||||spa|d
020 |a 9789872613402 
082 0 4 |a 370.1  |b SAR  |2 21 
100 0 |a Sarlé, Patricia  |e author  |9 589877 
700 0 |a Rodríguez Saenz, Inés  |e author  |9 589878 
700 0 |a Rodríguez, Elvira  |e author  |9 589879 
245 1 0 |a Fundamentos y reflexiones en torno a su enseñanza 
250 |a 1a. ed 
300 |a 50 p 
942 |c BK 
945 |d 20161118 09:36:00  |a arojas 
260 |a Buenos Aires  |b Unicef  |c 2010 
260 |a Buenos Aires  |b Organización de Estados Iberoamericanos para la Educación  |c 2010 
650 0 |a Teoría de la educación   |9 309368 
650 0 |a Métodos de enseñanza  |9 270413 
650 0 |a Filosofía de la educación   |9 258384 
650 0 |a Educación preescolar  |9 260381 
583 |a last modification  |c 20161118 09:36:00  |k Rodrigo Vera 
490 0 |a El Juego en el Nivel Inicial. Propuestas de Enseñanza, 1 
999 |c 366544  |d 366542 
952 |0 0  |1 0  |3 erb  |4 0  |6 370_100000000000000_SAR_2010_2010  |7 0  |8 A  |9 480830  |a BIBEDU  |b BIBEDU  |i 5349702  |o 370.1 SAR 2010 2010  |p 5349702  |r 2019-11-24  |w 2019-11-24  |y BK  |z Catalogado en:20161118  |k EPE